000 00677cab a2200205 4500
001 WB2803-59
008 090401t1992 xxu||||| |||| 00| 0 eng d
035 _a(Sirsi) u7627
041 _aeng
245 _aOak tree disease
260 _c1992
350 _a0
490 _aIndependent
_v14 January 1992, 6(1)
520 _aBritain`s oak trees are under threat from a mystery disease that has killed several hundred trees in the Midlands. The disease is known as `dieback` because it kills foliage and branches to leave only a skeleton of the original tree.
650 _aDISEASES
650 _aFORESTRY
690 _aRURAL PRACTICE
942 _n0
948 _c04/03/1997
999 _c4633
_d4633